Mottos on flags Quiz Stats

 Plays Quiz not verified by Sporcle

Score 0/17 Timer 10:00
0 Plays Today
Motto Country % Correct
In Arabic: 'There is no god but God; Muhammad is the Messenger of God'Saudi Arabia
87.9%
ORDEM E PROGRESSO (Order and progress)Brazil
86.9%
In Arabic: 'God is great'Iraq
80.4%
In Arabic: 'God is great' (repeated 22 times)Iran
73.8%
LIBERTAD 15 DE SEPTIEMBRE DE 1821Guatemala
57.9%
19 DE ABRIL DE 1810 INDEPENDENCIA - 20 DE FEBRERO 1859 FEDERACIÓN Venezuela
52.3%
SUB UMBRA FLOREO (I flourish in the shade)Belize
51.4%
PAZ Y JUSTICIA (Peace and Justice)Paraguay (reverse of flag)
51.4%
AMERICA CENTRALCosta Rica (state flag)
46.7%
Motto Country % Correct
PLUS ULTRA (Further beyond)Spain
46.7%
L'UNION FAIT LA FORCE (Union Makes Strength)Haiti
45.8%
DIOS, PATRIA, LIBERTAD (God, Fatherland, Liberty)Dominican Republic
32.7%
LIBERTAS (Liberty)San Marino
30.8%
FOR GALLANTRYMalta
29%
VIRTUS UNITA FORTIOR (Strength united is stronger)Andorra
28%
UNIDAD, PAZ, JUSTICIA (Unity, Peace, Justice)Equatorial Guinea
27.1%
In Arabic: 'Always render service with God's guidance'Brunei
13.1%

You're not logged in!

Compare scores with friends on all Sporcle quizzes.
OR
Log In

Show Comments

Extras

Top Quizzes Today


Score Distribution

Your Account Isn't Verified!

In order to create a playlist on Sporcle, you need to verify the email address you used during registration. Go to your Sporcle Settings to finish the process.

Report this User

Report this user for behavior that violates our Community Guidelines.

Details: